000 00564nam a2200193Ia 4500
008 240729s9999 xx 000 0 und d
022 _a1943-5037
245 4 _aThe Journal of Artificial Intelligence Research
260 _aUnited States
260 _bAI Access Foundation
650 _a Computer software
650 _a Electronic computers. Computer science
650 _a Instruments and machines
650 _a Mathematics
650 _aScience
856 _uhttps://doaj.org/toc/919df09b521644ec88a4e126f6a2b4a8
942 _2ddc
942 _cDOAJEJ
999 _c74890
_d74890
945 _a1
_bMadushi Gamage
_c1
_dMadushi Gamage